[Event "ICS rated blitz match"]
[Site "204.178.125.65"]
[Date "2000.08.25"]
[Round "?"]
[White "Hossa"]
[Black "PostModernist"]
[Result "0-1"]
[WhiteElo "2486"]
[BlackElo "2715"]
[PlyCount "132"]
[EventDate "2000.??.??"]

1. e4 e6 2. d4 d5 3. Nd2 c5 4. Ngf3 Nf6 5. exd5 exd5 6. dxc5 Bxc5 7. Nb3 Bb6 8.
Be2 O-O 9. O-O Nc6 10. Bg5 a6 11. c4 dxc4 12. Qxd8 Bxd8 13. Bxc4 Bg4 14. Nbd4
Nxd4 15. Nxd4 Rc8 16. Rac1 h6 17. Be3 Re8 18. h3 Bd7 19. Nb3 Rxc4 20. Rxc4 Bb5
21. Rc8 Bxf1 22. Kxf1 Be7 23. Rxe8+ Nxe8 24. Ke2 Nc7 25. Na5 b5 26. Nc6 Nd5 27.
Nxe7+ Nxe7 28. Bc5 Nd5 29. Bd6 Nb6 30. b3 f5 31. a3 Kf7 32. Be5 Nd5 33. h4 g5
34. g3 Ke6 35. f4 b4 36. axb4 Nxb4 37. Kd2 gxh4 38. gxh4 h5 39. Ke2 Kd5 40. Ke3
Nc2+ 41. Kd2 Nd4 42. Kc3 Ne6 43. Kd3 Nc5+ 44. Kc3 Ke4 45. Bd6 Nd3 46. Kc4 Nxf4
47. Bc7 Ng2 48. Bd8 f4 49. Kc3 Ke3 50. Bb6+ Ke2 51. Kd4 f3 52. Ke5 f2 53. Bxf2
Kxf2 54. b4 Nxh4 55. Ke4 Nf3 56. Kf4 h4 57. Ke4 h3 58. Kd5 h2 59. Ke6 h1=Q 60.
Kd6 Qh2+ 61. Kd7 Qe5 62. Kc8 Qb5 63. Kd8 Qb7 64. Ke8 Ne5 65. b5 Qd7+ 66. Kf8
Qf7# {Hossa checkmated} 0-1

[Event "ICS rated standard match"]
[Site "204.178.125.65"]
[Date "2000.08.25"]
[Round "?"]
[White "Hossa"]
[Black "Tinker"]
[Result "1-0"]
[WhiteElo "2324"]
[BlackElo "2395"]
[PlyCount "103"]
[EventDate "2000.??.??"]

1. d4 d5 2. Nf3 Bf5 3. Bf4 Nf6 4. e3 e6 5. Bd3 Nc6 6. Bxf5 exf5 7. Nc3 Bb4 8.
O-O Bxc3 9. bxc3 Qd7 10. Ne5 Nxe5 11. Bxe5 O-O-O 12. Bxf6 gxf6 13. Rb1 Rhg8 14.
Qd3 Rg6 15. g3 c6 16. c4 dxc4 17. Qxc4 Qe6 18. Qa4 Kb8 19. Rb4 Rd7 20. Rfb1 Rc7
21. Qa6 Qc8 22. Ra4 b5 23. c4 Qxa6 24. Rxa6 f4 25. cxb5 c5 26. b6 axb6 27.
Rbxb6+ Kc8 28. d5 fxe3 29. fxe3 Rb7 30. Rxb7 Kxb7 31. Rd6 c4 32. Rc6 Rg5 33. e4
f5 34. Rxc4 fxe4 35. Rxe4 Rxd5 36. Re7+ Kc6 37. Rxf7 Rd1+ 38. Kg2 Rd2+ 39. Kh3
h5 40. Rh7 Rxa2 41. Rxh5 Ra3 42. Rf5 Kd6 43. Kg2 Ra2+ 44. Rf2 Ra4 45. Re2 Kd5
46. h4 Ra6 47. h5 Rf6 48. g4 Rh6 49. Kg3 Rh7 50. g5 Kd6 51. g6 Rg7 52. Kf4 {
Tinker resigns} 1-0

[Event "ICS rated standard match"]
[Site "204.178.125.65"]
[Date "2000.08.25"]
[Round "?"]
[White "nitmo"]
[Black "Hossa"]
[Result "1-0"]
[WhiteElo "1935"]
[BlackElo "2343"]
[PlyCount "155"]
[EventDate "2000.??.??"]

1. e4 e6 2. d4 d5 3. e5 c5 4. c3 Nc6 5. Nf3 Qb6 6. Bd3 cxd4 7. cxd4 Bd7 8. O-O
Nxd4 9. Nxd4 Qxd4 10. Nc3 Qxe5 11. Re1 Qd6 12. Nb5 Qb8 13. Qf3 Bd6 14. Nxd6+
Qxd6 15. Bf4 Qe7 16. Qg3 Qf8 17. Rac1 a5 18. Rc7 b6 19. Bd6 Ne7 20. a4 Rd8 21.
Ba3 f5 22. Qd6 Qf6 23. Bb5 O-O 24. Qxe7 Qxe7 25. Bxe7 Bxb5 26. Bxf8 Bxa4 27.
Bxg7 Rd7 28. Rxd7 Bxd7 29. Be5 Kf7 30. Rc1 h5 31. h4 Ke7 32. Rc3 b5 33. Rg3 Be8
34. Kf1 Bf7 35. Ke1 b4 36. Kd2 a4 37. Kc2 Kd7 38. Rg7 Ke7 39. Bd6+ Kf6 40. Rg3
b3+ 41. Kc3 Be8 42. f4 Kf7 43. Kd4 Bb5 44. Ke5 Bd7 45. Rc3 Ke8 46. Rc7 Kd8 47.
Ra7 Ke8 48. Bc5 d4 49. Kxd4 Bc6 50. g3 Kd8 51. Ke5 Bd5 52. Rh7 Kc8 53. Kd6 Bf3
54. Kxe6 Be2 55. Ra7 Bd3 56. Rxa4 Kc7 57. Rd4 Bc2 58. Rd7+ Kc6 59. Bd4 Bd3 60.
Rh7 Be2 61. Ke5 Bg4 62. Rh6+ Kb5 63. Rf6 Kc4 64. Bc3 Kd3 65. Rxf5 Ke3 66. Rg5
Be2 67. f5 Bc4 68. Rxh5 Kf3 69. Rg5 Bf7 70. h5 Bxh5 71. Rxh5 Kg4 72. Rh8 Kf3
73. f6 Ke2 74. f7 Kd1 75. f8=Q Kc2 76. Ke4 Kd1 77. Qf2 Kc1 78. Rh1# 1-0

[Event "ICS rated standard match"]
[Site "204.178.125.65"]
[Date "2000.08.25"]
[Round "?"]
[White "Hossa"]
[Black "nitmo"]
[Result "1-0"]
[WhiteElo "2314"]
[BlackElo "1964"]
[PlyCount "57"]
[EventDate "2000.??.??"]

1. e4 e5 2. Nf3 Nc6 3. Bb5 Nd4 4. Nxd4 exd4 5. O-O c6 6. Bc4 Nf6 7. e5 d5 8.
Be2 Ne4 9. d3 Ng5 10. f4 Ne6 11. f5 Nc7 12. Bd2 Bc5 13. f6 g6 14. Bh6 Be6 15.
Nd2 Qd7 16. Bg7 Rg8 17. Nb3 Bb6 18. a4 a6 19. Qd2 O-O-O 20. Qb4 Ba7 21. Nc5
Bxc5 22. Qxc5 Ne8 23. Bh6 g5 24. Rfe1 Bg4 25. Bxg4 Qxg4 26. e6 fxe6 27. f7 Nf6
28. fxg8=R Rxg8 29. Qe7 {nitmo resigns} 1-0

[Event "ICS rated blitz match"]
[Site "204.178.125.65"]
[Date "2000.08.25"]
[Round "?"]
[White "Dorky"]
[Black "Hossa"]
[Result "0-1"]
[WhiteElo "2421"]
[BlackElo "2479"]
[PlyCount "118"]
[EventDate "2000.??.??"]

1. e4 e5 2. Nf3 d6 3. d4 Nd7 4. Nc3 Ngf6 5. Bc4 exd4 6. Qxd4 Be7 7. Bf4 Nb6 8.
O-O-O Nxc4 9. Qxc4 O-O 10. e5 Be6 11. Qb4 a5 12. Qxb7 Ng4 13. Bg3 Rb8 14. Qa6
Ra8 15. Qd3 Rb8 16. Rhe1 Qc8 17. Nd5 Bxd5 18. Qxd5 c6 19. Qd2 Qb7 20. Qd4 dxe5
21. Nxe5 Rfd8 22. Qc3 Rxd1+ 23. Rxd1 Bg5+ 24. Kb1 Bf6 25. Re1 c5 26. f3 Nh6 27.
b3 Rc8 28. Qxa5 Nf5 29. Qd2 Nd4 30. Qe3 Re8 31. Qf4 Nb5 32. Kb2 Nd6 33. Ka1 Ra8
34. Bf2 Qc7 35. a4 Qa5 36. Kb1 Nb5 37. Ka2 Nc3+ 38. Kb2 Rc8 39. Ka1 Nd1 40. Kb1
Qc3 41. Qc1 Nxf2 42. Qe3 Nd3 43. Qxd3 Qxe1+ 44. Kb2 Bxe5+ 45. c3 c4 46. Qc2 Re8
47. Qc1 Bxc3+ 48. Qxc3 Re2+ 49. Qc2 c3+ 50. Ka3 Rxc2 51. Kb4 Rxg2 52. Kb5 c2
53. f4 Rxh2 54. b4 Rh5+ 55. f5 Rxf5+ 56. Kb6 Qxb4+ 57. Kc6 c1=Q+ 58. Kd7 Rd5+
59. Ke8 Qe4# {Dorky checkmated} 0-1

[Event "ICS rated blitz match"]
[Site "204.178.125.65"]
[Date "2000.08.25"]
[Round "?"]
[White "Hossa"]
[Black "Dorky"]
[Result "1-0"]
[WhiteElo "2492"]
[BlackElo "2408"]
[PlyCount "101"]
[EventDate "2000.??.??"]

1. e4 e5 2. Nf3 Nc6 3. Bb5 a6 4. Ba4 Nf6 5. O-O Be7 6. Bxc6 dxc6 7. Nc3 Bg4 8.
Qe2 Qd6 9. d3 O-O 10. Bg5 h6 11. Be3 c5 12. h3 Bh5 13. a4 Qe6 14. b3 Rad8 15.
a5 c6 16. Rfe1 Nd7 17. Qf1 Rfe8 18. Nd2 Qf6 19. Ne2 Bg6 20. Nc4 Kh8 21. f4 exf4
22. Bxf4 Rf8 23. Qf2 Kh7 24. e5 Qe6 25. Bd2 Nb8 26. Be3 Qf5 27. Nf4 h5 28. Rf1
Nd7 29. Qd2 Bg5 30. Nxg6 Bxe3+ 31. Qxe3 Qxg6 32. Nd6 Nxe5 33. Nxb7 Rde8 34.
Nxc5 Ng4 35. Qf4 Ne3 36. Rf2 Nd5 37. Qh2 Nb4 38. Nd7 Rg8 39. Ne5 Qe6 40. Nxf7
Qe3 41. Raf1 Nxc2 42. Qd6 Nd4 43. Kh1 Nxb3 44. Qxc6 Qxd3 45. Rf5 Qe2 46. Ng5+
Kh8 47. Qg6 Qxg2+ 48. Kxg2 Re2+ 49. R1f2 Rxf2+ 50. Rxf2 Nxa5 51. Qxh5# {
Dorky checkmated} 1-0

[Event "ICS rated standard match"]
[Site "204.178.125.65"]
[Date "2000.08.25"]
[Round "?"]
[White "Hossa"]
[Black "Tinker"]
[Result "1/2-1/2"]
[WhiteElo "2318"]
[BlackElo "2398"]
[PlyCount "303"]
[EventDate "2000.??.??"]

1. e4 e5 2. Nf3 Nf6 3. Nc3 Nc6 4. Bb5 Nd4 5. Ba4 c6 6. Nxe5 b5 7. Bb3 Nxb3 8.
axb3 b4 9. Ne2 Nxe4 10. d3 Qf6 11. Nf3 Nc5 12. Bg5 Qxb2 13. Rb1 Qa2 14. Ra1 Qb2
15. Bh4 Be7 16. Bxe7 Kxe7 17. d4 Ne4 18. O-O d6 19. Rb1 Qa3 20. Qd3 Nc3 21.
Nxc3 bxc3 22. Qxc3 Qa6 23. d5 cxd5 24. Qc7+ Kf6 25. Ra1 Qb7 26. Qxd6+ Be6 27.
Qe5+ Ke7 28. Qxg7 Rag8 29. Qd4 a6 30. Rfe1 h6 31. Qc5+ Kf6 32. Qd6 Ra8 33. Qe5+
Kg6 34. Nh4+ Kh7 35. Nf5 Rhg8 36. Ne3 Rg5 37. Qf4 Kg8 38. Rad1 Rc8 39. Qh4 Rg6
40. Re2 Rc5 41. Qd8+ Kh7 42. Rd4 Rc8 43. Qh4 Kg8 44. Red2 Qb6 45. Nxd5 Bxd5 46.
Rxd5 Re8 47. Rd1 Re2 48. Qf4 Rxc2 49. Rd8+ Kg7 50. b4 Qf6 51. Qe3 Rg4 52. Ra8
Rxb4 53. Qg3+ Qg5 54. Qd6 Qc5 55. Qxc5 Rxc5 56. Rxa6 Rb2 57. g3 Rcc2 58. Rf1 f6
59. h4 Kg6 60. h5+ Kg5 61. Kg2 Rc5 62. Kh3 Rb3 63. Rfa1 Rf3 64. R6a5 Rfc3 65.
Rxc5+ Rxc5 66. Ra6 f5 67. Rg6+ Kxh5 68. Rg8 Rc3 69. Kg2 Rc2 70. Rg7 Rd2 71. Kf3
Rd4 72. Rg8 Rc4 73. Ke2 Re4+ 74. Kf1 f4 75. g4+ Kh4 76. Kg2 Re5 77. Kf3 Rg5 78.
Rh8 Rg6 79. Rh7 Kg5 80. Rb7 Kh4 81. Rb1 Rxg4 82. Rh1+ Kg5 83. Rxh6 Rg1 84. Rd6
Rf1 85. Rd5+ Kh6 86. Rc5 Rh1 87. Ke4 Rb1 88. Kf5 Re1 89. Rc6+ Kg7 90. Rc7+ Kg8
91. f3 Kf8 92. Rc8+ Kf7 93. Ra8 Rd1 94. Ra7+ Kf8 95. Rb7 Kg8 96. Kg5 Rf1 97.
Kg6 Kf8 98. Kf6 Kg8 99. Rb3 Kh7 100. Rd3 Rc1 101. Kg5 Kh8 102. Rd8+ Kh7 103.
Rd7+ Kh8 104. Rb7 Rc6 105. Ra7 Kg8 106. Kf5 Kf8 107. Rh7 Kg8 108. Rd7 Rh6 109.
Rc7 Kf8 110. Kg5 Rh1 111. Rb7 Kg8 112. Ra7 Kf8 113. Rd7 Kg8 114. Kf6 Kh8 115.
Kf5 Rg1 116. Rd8+ Kh7 117. Rc8 Rh1 118. Rc7+ Kh6 119. Rc6+ Kg7 120. Rg6+ Kf7
121. Rf6+ Kg7 122. Rd6 Rh5+ 123. Ke4 Kf7 124. Rb6 Kf8 125. Rb7 Rh4 126. Kf5 Kg8
127. Rc7 Kf8 128. Ra7 Rh3 129. Ke4 Rh2 130. Ra5 Rh1 131. Rf5+ Kg8 132. Kd3 Kg7
133. Rxf4 Ra1 134. Ke3 Kh8 135. Rg4 Kh7 136. f4 Kh8 137. f5 Kh7 138. f6 Kh8
139. Kd3 Kh7 140. Kc3 Kh8 141. Rg2 Kh7 142. Kd4 Kh8 143. Ke5 Kh7 144. Kf5 Kh8
145. Ke6 Kh7 146. Kf7 Ra7+ 147. Ke6 Ra3 148. Kf5 Kh8 149. Ke6 Kh7 150. Kf5 Kh8
151. Ke6 Kh7 152. Kf7 1/2-1/2

[Event "ICS rated standard match"]
[Site "204.178.125.65"]
[Date "2000.08.26"]
[Round "?"]
[White "Amateur"]
[Black "Hossa"]
[Result "1-0"]
[WhiteElo "2342"]
[BlackElo "2322"]
[PlyCount "30"]
[EventDate "2000.??.??"]

1. Nf3 d5 2. d4 Nf6 3. c4 e6 4. Nc3 c6 5. Bg5 dxc4 6. e4 b5 7. e5 h6 8. Bh4 g5
9. Nxg5 hxg5 10. Bxg5 Nbd7 11. exf6 Bb4 12. Qf3 Bb7 13. a3 Rg8 14. h4 Ba5 15.
Be2 Qb6 {Hossa resigns} 1-0

[Event "ICS Rated standard match"]
[Site "204.178.125.65"]
[Date "2000.08.26"]
[Round "?"]
[White "lambChop"]
[Black "Hossa"]
[Result "1-0"]
[WhiteElo "2289"]
[BlackElo "2307"]
[PlyCount "79"]
[EventDate "2000.??.??"]

1. d4 e6 2. e4 Nc6 3. Nf3 d5 4. e5 Bd7 5. Nc3 Nge7 6. h4 f6 7. exf6 gxf6 8. Bd3
Bg7 9. h5 h6 10. Be2 a6 11. a4 Rb8 12. a5 Rg8 13. O-O Nb4 14. Na4 e5 15. Nc5
Bf5 16. c3 Nbc6 17. Qa4 Qc8 18. dxe5 fxe5 19. Nh4 Bf8 20. Nxf5 Qxf5 21. Rd1 Qh3
22. g3 Rg7 23. Qb3 Rf7 24. Nxb7 Rf6 25. Ra4 d4 26. Bxa6 Qxh5 27. Rd2 Bg7 28.
cxd4 exd4 29. Be2 Qf5 30. Bc4 Qe4 31. Re2 Qb1 32. Qd1 Qf5 33. a6 Ne5 34. f4
Nxc4 35. Rxc4 Rxa6 36. Rxc7 Bf6 37. Qe1 Qh7 38. Nc5 d3 39. Rexe7+ Bxe7 40. Nxa6
{Hossa resigns} 1-0

[Event "ICS rated standard match"]
[Site "204.178.125.65"]
[Date "2000.08.26"]
[Round "?"]
[White "Hossa"]
[Black "lambChop"]
[Result "0-1"]
[WhiteElo "2290"]
[BlackElo "2306"]
[PlyCount "134"]
[EventDate "2000.??.??"]

1. e4 e5 2. Nf3 Nc6 3. Bb5 a6 4. Ba4 Nf6 5. O-O Be7 6. Bxc6 dxc6 7. Nc3 Bg4 8.
Qe2 Qd6 9. d3 O-O 10. Bg5 Rfd8 11. a3 Nh5 12. Be3 Nf4 13. Bxf4 exf4 14. Rfe1
Qh6 15. e5 a5 16. Qe4 Bc5 17. Ne2 g5 18. Ned4 Bxf3 19. Nxf3 g4 20. Nd2 g3 21.
hxg3 fxg3 22. Qg4+ Kh8 23. Ne4 Rg8 24. Qf3 Qh2+ 25. Kf1 gxf2 26. Nxf2 Rg3 27.
Qf6+ Kg8 28. Qf4 Rxg2 29. Qxh2 Rxh2 30. Ng4 Rxc2 31. Re2 Rxe2 32. Kxe2 h5 33.
Nf6+ Kg7 34. Nxh5+ Kg6 35. Nf4+ Kf5 36. Rf1 Kxe5 37. Kd2 Rf8 38. Nh3 f5 39. Ng5
Rf6 40. Ke2 Rg6 41. Nf3+ Kf6 42. d4 Rg2+ 43. Kd3 Bd6 44. Nh4 Rg3+ 45. Kc2 f4
46. Rf2 Ke6 47. Re2+ Kd5 48. Nf5 Rh3 49. Rd2 Ke4 50. Ng7 f3 51. Ne6 Kd5 52. Nc5
Bxc5 53. dxc5+ Kc4 54. Rf2 a4 55. Rf1 Kd4 56. Kd1 Ke3 57. Kc2 f2 58. Rxf2 Kxf2
59. Kd2 Rf3 60. Kc2 Ke2 61. Kc1 Kd3 62. b4 Kc3 63. Kb1 b5 64. cxb6 cxb6 65. b5
cxb5 66. Ka2 Kc2 67. Ka1 Rxa3# {Hossa checkmated} 0-1

[Event "ICS rated standard match"]
[Site "204.178.125.65"]
[Date "2000.08.26"]
[Round "?"]
[White "Hossa"]
[Black "Salvat"]
[Result "0-1"]
[WhiteElo "2275"]
[BlackElo "1947"]
[PlyCount "110"]
[EventDate "2000.??.??"]

1. e4 e5 2. Nf3 Nc6 3. Bb5 a6 4. Ba4 Nf6 5. O-O b5 6. Bb3 Nxe4 7. Bd5 Nf6 8.
Bxc6 dxc6 9. Nxe5 Bb7 10. Re1 Be7 11. Qf3 Qd6 12. b3 Rb8 13. Qe2 O-O 14. Bb2
Rfe8 15. a4 Nd7 16. Nf3 b4 17. d3 Qg6 18. Nbd2 c5 19. a5 Rbd8 20. Qe3 Bc6 21.
Qf4 Bd6 22. Qh4 Nf8 23. h3 Ne6 24. Be5 Bxe5 25. Rxe5 f6 26. Re3 Nd4 27. Kh1 Bd5
28. Ra2 Nf5 29. Rxe8+ Rxe8 30. Qf4 Nd4 31. Rb2 h5 32. Rb1 Re2 33. Qxc7 Nxf3 34.
Nxf3 Rxf2 35. Nh4 Qg5 36. Rg1 Rxc2 37. d4 Be4 38. Nf3 Bxf3 39. gxf3 Rc1 40.
Qc8+ Kh7 41. Rxc1 Qxc1+ 42. Kg2 Qd2+ 43. Kh1 cxd4 44. Qxa6 d3 45. Qe6 Qc1+ 46.
Kh2 Qc2+ 47. Kg3 d2 48. Qd5 Kh6 49. Qg8 Qg6+ 50. Kf2 d1=Q 51. Qh8+ Kg5 52. Qh7
Qxh7 53. h4+ Kf4 54. Kg2 Qhc2+ 55. Kh3 Qh1# {Hossa checkmated} 0-1

[Event "ICS rated standard match"]
[Site "204.178.125.65"]
[Date "2000.08.26"]
[Round "?"]
[White "tramontana"]
[Black "Hossa"]
[Result "1/2-1/2"]
[WhiteElo "2008"]
[BlackElo "2247"]
[PlyCount "65"]
[EventDate "2000.??.??"]

1. d4 Nf6 2. c4 c5 3. d5 g6 4. Nc3 Bg7 5. e4 d6 6. Nf3 O-O 7. Bg5 h6 8. Bh4 g5
9. Bg3 Nh5 10. h4 g4 11. Nd2 Nxg3 12. fxg3 Be5 13. Be2 Bxg3+ 14. Kf1 f5 15. Kg1
h5 16. exf5 Bxf5 17. Nde4 Be5 18. g3 Bxe4 19. Nxe4 Bxb2 20. Rb1 Bd4+ 21. Kg2
Qd7 22. Rf1 Rxf1 23. Qxf1 Na6 24. Qf4 Bg7 25. Qg5 Nb4 26. Qxh5 Qa4 27. Ng5 Qc2
28. Qf7+ Kh8 29. Qh5+ Kg8 30. Qf7+ Kh8 31. Qh5+ Kg8 32. Qf7+ Kh8 33. Qh5+
1/2-1/2

[Event "ICS Rated standard match"]
[Site "204.178.125.65"]
[Date "2000.08.26"]
[Round "?"]
[White "Hossa"]
[Black "BrazilianMaster"]
[Result "0-1"]
[WhiteElo "2237"]
[BlackElo "2635"]
[PlyCount "94"]
[EventDate "2000.??.??"]

1. d4 Nf6 2. c4 e6 3. Nf3 c5 4. g3 cxd4 5. Nxd4 Bb4+ 6. Nc3 Qc7 7. Qd3 a6 8.
Bg2 Nc6 9. Nxc6 dxc6 10. a3 Be7 11. O-O e5 12. Bg5 O-O 13. Rfd1 Rd8 14. Qc2 Be6
15. Na4 b6 16. c5 b5 17. Nb6 Rab8 18. Rac1 a5 19. b3 b4 20. Rxd8+ Rxd8 21. axb4
axb4 22. Ra1 Qb7 23. e3 Qc7 24. Ra4 Bg4 25. f3 Be6 26. Rxb4 h6 27. Bxf6 Bxf6
28. Ra4 g6 29. Ra1 e4 30. Rf1 exf3 31. Rxf3 Bg5 32. Qc3 Bg4 33. Rf1 Be2 34. Ra1
Qe7 35. Kf2 Bf6 36. Ra7 Qxa7 37. Qxf6 Rd2 38. g4 Bf1+ 39. Kg1 Rxg2+ 40. Kxf1
Qa2 41. Qf3 Rb2 42. Ke1 Qa5+ 43. b4 Qxb4+ 44. Kf1 Qd2 45. Kg1 Qxh2+ 46. Kf1
Rb1+ 47. Qd1 Rxd1# {Hossa checkmated} 0-1

[Event "ICS rated standard match"]
[Site "204.178.125.65"]
[Date "2000.08.26"]
[Round "?"]
[White "Amateur"]
[Black "Hossa"]
[Result "0-1"]
[WhiteElo "2377"]
[BlackElo "2234"]
[PlyCount "70"]
[EventDate "2000.??.??"]

1. e4 e5 2. Nf3 Nc6 3. Bb5 a6 4. Ba4 Nf6 5. O-O b5 6. Bb3 Nxe4 7. Re1 d5 8. d3
Nf6 9. a4 Be6 10. axb5 axb5 11. Rxa8 Qxa8 12. Nxe5 Nxe5 13. Rxe5 Bd6 14. Re2
O-O 15. Bg5 Nd7 16. Nc3 c6 17. d4 Qb8 18. h3 Nb6 19. Re1 Re8 20. Qc1 h6 21. Be3
Bf5 22. Kh1 Qc8 23. g4 Bxg4 24. hxg4 Qxg4 25. Ba2 Re6 26. f3 Qxf3+ 27. Kg1 Rg6+
28. Bg5 Bf4 29. Qxf4 Qxf4 30. Re8+ Kh7 31. Bxd5 Nxd5 32. Ne4 Ne3 33. Nf6+ gxf6
34. Rxe3 Qxe3+ 35. Kg2 Rxg5+ {Amateur resigns} 0-1

[Event "ICS rated standard match"]
[Site "204.178.125.65"]
[Date "2000.08.26"]
[Round "?"]
[White "Hossa"]
[Black "Amateur"]
[Result "0-1"]
[WhiteElo "2256"]
[BlackElo "2355"]
[PlyCount "114"]
[EventDate "2000.??.??"]

1. d4 d5 2. Nf3 Nf6 3. e3 c6 4. Bd2 Bg4 5. h3 Bh5 6. g4 Bg6 7. Ne5 Nbd7 8. h4
Qb6 9. Nxg6 fxg6 10. Nc3 e5 11. g5 Ne4 12. Nxe4 dxe4 13. Bc1 O-O-O 14. Bh3 Bd6
15. c3 Rhe8 16. h5 Qa5 17. hxg6 hxg6 18. b4 Qb5 19. a4 Qd5 20. a5 a6 21. Rb1
Qf7 22. Bg2 Qf5 23. d5 Rf8 24. Rf1 Bc7 25. c4 Qxg5 26. Bh3 Rh8 27. Be6 Qf6 28.
Bg4 Rh4 29. Rb2 Kb8 30. Rd2 cxd5 31. Rxd5 Nf8 32. Rxd8+ Bxd8 33. Bb2 Bc7 34.
Be2 Qe7 35. c5 Nh7 36. Qb3 Ng5 37. Qg8+ Ka7 38. Kd1 Qd7+ 39. Kc1 Rh2 40. Bc4
Nf3 41. Bc3 Ng5 42. Qf8 Nh3 43. Kb1 g5 44. Kc1 Rg2 45. Kc2 g4 46. Kc1 g3 47.
Rd1 Qa4 48. Rf1 Qa3+ 49. Kc2 Nxf2 50. Bd2 Nd3 51. Rb1 Nxb4+ 52. Kd1 Qa4+ 53.
Ke1 Rg1+ 54. Ke2 Rxb1 55. Qf1 Rxf1 56. Kxf1 Qd1+ 57. Be1 Nc2 {Hossa resigns}
0-1

[Event "ICS Rated standard match"]
[Site "204.178.125.65"]
[Date "2000.08.26"]
[Round "?"]
[White "PostModernist"]
[Black "Hossa"]
[Result "1-0"]
[WhiteElo "2374"]
[BlackElo "2244"]
[PlyCount "171"]
[EventDate "2000.??.??"]

1. e4 e5 2. Bc4 Nf6 3. d3 Nc6 4. Nc3 Bb4 5. Nge2 Na5 6. O-O Nxc4 7. dxc4 O-O 8.
Bg5 Be7 9. Bxf6 Bxf6 10. Qd5 c6 11. Qd3 d6 12. Rfd1 Be7 13. b3 Qc7 14. a4 Bg4
15. Qe3 f5 16. f3 f4 17. Qf2 Bh5 18. Kh1 g5 19. a5 g4 20. Ng1 Rf7 21. a6 Rg7
22. fxg4 Bxg4 23. Nf3 b6 24. Qf1 Kh8 25. Rd2 Rag8 26. Qe2 h5 27. Qf1 Qc8 28.
Ne1 h4 29. Rd3 Bh5 30. h3 Qd7 31. Nb1 Bg5 32. Nd2 Qc7 33. Kg1 Bf6 34. Qf2 Be7
35. Kh1 Qb8 36. b4 b5 37. cxb5 cxb5 38. Rb1 Bd8 39. c4 Be7 40. Rc1 bxc4 41.
Rxc4 Be8 42. Rc2 Bb5 43. Ra3 Bf6 44. Ndf3 Rg3 45. Ra5 Bd8 46. Ra1 R8g7 47. Rcc1
Bb6 48. Qa2 Bd7 49. Rc2 Bd8 50. Qc4 Bf6 51. Rd2 R3g6 52. Nc2 Be8 53. Qe6 Bc6
54. Qc4 Ba8 55. Re1 Be7 56. Na3 Qb6 57. Qc8+ Rg8 58. Qc4 R6g7 59. Nb1 Rb8 60.
Rb2 Bf6 61. Nc3 Rbg8 62. Rd2 Qb8 63. Rc1 Rc8 64. Qe6 Be7 65. Rdc2 Rcg8 66. Nd5
Bxd5 67. exd5 Qxb4 68. Rc7 Qa3 69. Rg1 Qd3 70. Rxe7 Rg6 71. Qf7 R8g7 72. Re8+
Kh7 73. Qf8 Rg8 74. Qe7+ R8g7 75. Qd8 Rf7 76. Rh8+ Kg7 77. Nxh4 Qxd5 78. Qg8+
Kf6 79. Qxg6+ Ke7 80. Rc1 Kd7 81. Rcc8 Qd1+ 82. Kh2 Rf8 83. Rhxf8 Qg1+ 84. Kxg1
d5 85. Qh7+ Ke6 86. Rc6# {Hossa checkmated} 1-0

[Event "ICS rated standard match"]
[Site "204.178.125.65"]
[Date "2000.08.26"]
[Round "?"]
[White "Hossa"]
[Black "MDMUCI"]
[Result "1-0"]
[WhiteElo "2234"]
[BlackElo "1953"]
[PlyCount "85"]
[EventDate "2000.??.??"]

1. e4 d6 2. d4 g6 3. Nc3 Bg7 4. Nf3 Bg4 5. Be3 a6 6. Bc4 e6 7. h3 Bxf3 8. Qxf3
Ne7 9. d5 e5 10. h4 h5 11. O-O-O Nd7 12. Kb1 Nb6 13. Bd3 Qd7 14. Qe2 O-O-O 15.
Bxa6 bxa6 16. Qxa6+ Kb8 17. Bxb6 cxb6 18. Qxb6+ Qb7 19. Qa5 Nc8 20. Rdf1 Bh6
21. Nb5 Nb6 22. b3 Kc8 23. f4 Bxf4 24. Rxf4 exf4 25. Nxd6+ Rxd6 26. Qc3+ Kb8
27. Qxh8+ Ka7 28. Qe5 Rd7 29. Qxf4 Qc7 30. Qxc7+ Rxc7 31. d6 Rc5 32. Rf1 f5 33.
exf5 Rxf5 34. Rxf5 gxf5 35. c4 Kb7 36. c5 Nd5 37. g3 Kc6 38. a3 Nf6 39. b4 Ne4
40. a4 Nc3+ 41. Kb2 Ne4 42. a5 Nxg3 43. a6 {MDMUCI resigns} 1-0

[Event "ICS rated blitz match"]
[Site "204.178.125.65"]
[Date "2000.08.26"]
[Round "?"]
[White "Hossa"]
[Black "Amateur"]
[Result "1-0"]
[WhiteElo "2504"]
[BlackElo "2516"]
[PlyCount "107"]
[EventDate "2000.??.??"]

1. e4 c5 2. Nf3 e6 3. Nc3 a6 4. d4 cxd4 5. Nxd4 Qc7 6. Bd3 Bb4 7. Bd2 Nc6 8.
Nxc6 dxc6 9. a3 Bd6 10. Qg4 Be5 11. f4 Nh6 12. Qg3 Bd4 13. Ne2 Bxb2 14. Rb1 Qb6
15. Kd1 f5 16. Bc3 Qd8 17. Qxg7 Bxc3 18. Nxc3 Nf7 19. exf5 Rf8 20. fxe6 Nd6 21.
Qxh7 Bxe6 22. Re1 Qd7 23. Na4 Qxh7 24. Bxh7 Kf7 25. Bg6+ Kxg6 26. Rxe6+ Rf6 27.
Rxf6+ Kxf6 28. Rb3 Rh8 29. h3 Kf5 30. Rf3 Rd8 31. g4+ Ke4 32. Ke2 Re8 33. Kf2
Rh8 34. Nc3+ Kd4 35. Rd3+ Kc4 36. Na4 Ne4+ 37. Kg2 Rh7 38. g5 a5 39. g6 Rh6 40.
f5 Rh5 41. Kf3 Nf6 42. Kf4 Ng8 43. Nb6+ Kb5 44. Rb3+ Ka6 45. Nd7 Nh6 46. f6
Rf5+ 47. Ke4 a4 48. Rf3 Rxf6 49. Rxf6 Ka7 50. g7 Ng8 51. Rf8 Ne7 52. g8=Q Nxg8
53. Rxg8 b6 54. Rb8 {Amateur resigns} 1-0

[Event "ICS rated blitz match"]
[Site "204.178.125.65"]
[Date "2000.08.26"]
[Round "?"]
[White "PostModernist"]
[Black "Hossa"]
[Result "1-0"]
[WhiteElo "2678"]
[BlackElo "2521"]
[PlyCount "93"]
[EventDate "2000.??.??"]

1. d4 d5 2. Nf3 Nf6 3. e3 c6 4. c4 e6 5. Nc3 Bb4 6. Bd3 Ne4 7. Qc2 Qa5 8. Bxe4
dxe4 9. Nd2 f5 10. O-O O-O 11. a3 Bd6 12. c5 Be7 13. b4 Qa6 14. Qb3 b6 15. Bb2
Qb7 16. Rfc1 Rd8 17. Qc2 Bd7 18. Nc4 Be8 19. Qb3 bxc5 20. dxc5 Na6 21. Na4 Bh5
22. Be5 Rd5 23. Nd6 Qd7 24. Qc3 Nc7 25. Qb2 Rxe5 26. Qxe5 Bf6 27. Qg3 Bxa1 28.
Rxa1 Nd5 29. Re1 a5 30. Nb6 Nxb6 31. cxb6 axb4 32. axb4 Ra4 33. b5 cxb5 34. b7
Qc7 35. Qe5 h6 36. Qxb5 Qc3 37. b8=Q+ Kh7 38. Rb1 Ra1 39. h3 Bd1 40. Q5e8 Qe1+
41. Kh2 Ra7 42. Qg8+ Kg6 43. Qxe6+ Kh5 44. Qbe8+ Rf7 45. Q8xf7+ g6 46. Qfxg6+
Kh4 47. Nxf5# {Hossa checkmated} 1-0

[Event "ICS rated bullet match"]
[Site "204.178.125.65"]
[Date "2000.08.26"]
[Round "?"]
[White "Hossa"]
[Black "JSBach"]
[Result "1-0"]
[WhiteElo "2489"]
[BlackElo "2000"]
[PlyCount "39"]
[EventDate "2000.??.??"]

1. d4 d5 2. Nf3 Bf5 3. Bf4 Nc6 4. e3 Nb4 5. Na3 Nf6 6. c3 Nc6 7. Nb5 Rc8 8. Qa4
a6 9. Na7 b5 10. Bxb5 axb5 11. Qxb5 Ra8 12. Nxc6 Qd7 13. Nfe5 Qe6 14. Nb8+ Kd8
15. Qb7 Ra4 16. Nxf7+ Qxf7 17. Nc6+ Ke8 18. Qb8+ Kd7 19. Qxc7+ Ke8 20. Qd8# {
JSBach checkmated} 1-0

[Event "ICS rated blitz match"]
[Site "204.178.125.65"]
[Date "2000.08.26"]
[Round "?"]
[White "harimau"]
[Black "Hossa"]
[Result "1-0"]
[WhiteElo "2827"]
[BlackElo "2512"]
[PlyCount "69"]
[EventDate "2000.??.??"]

1. d4 Nf6 2. c4 e6 3. Nf3 c5 4. Nc3 cxd4 5. Nxd4 Bb4 6. Bd2 Nc6 7. a3 Be7 8.
Bg5 O-O 9. e3 Nxd4 10. Qxd4 Qa5 11. Bh4 Qh5 12. Be2 Qf5 13. e4 Bc5 14. Qd3 Qe5
15. Bg3 Qd4 16. Qc2 Be7 17. e5 Ne8 18. O-O d6 19. exd6 Nxd6 20. Rfd1 Qb6 21. b4
Nf5 22. c5 Bxc5 23. Na4 Nxg3 24. Nxb6 Nxe2+ 25. Qxe2 Bxb6 26. Rac1 f6 27. a4
Rf7 28. a5 Bxf2+ 29. Kxf2 Rf8 30. Rc7 g6 31. Qd2 h5 32. Qd8 Bd7 33. Qxd7 Rf7
34. Qxf7+ Kh8 35. Qg7# {Hossa checkmated} 1-0

[Event "ICS rated blitz match"]
[Site "204.178.125.65"]
[Date "2000.08.26"]
[Round "?"]
[White "Hossa"]
[Black "PostModernist"]
[Result "0-1"]
[WhiteElo "2508"]
[BlackElo "2687"]
[PlyCount "116"]
[EventDate "2000.??.??"]

1. d4 Nf6 2. c4 c5 3. d5 g6 4. Nc3 Bg7 5. Nf3 d6 6. e4 O-O 7. Be2 e6 8. O-O Re8
9. Bd3 exd5 10. cxd5 a6 11. Bg5 b5 12. Qe2 h6 13. Bh4 g5 14. Bg3 b4 15. Nd1
Nxd5 16. Qd2 Nf6 17. Ne3 Bb7 18. Nf5 Nxe4 19. Bxe4 Bxe4 20. Nxg7 Kxg7 21. Bxd6
Bxf3 22. gxf3 Nc6 23. Qd5 Nd4 24. Qxc5 Nxf3+ 25. Kg2 Nh4+ 26. Kg1 a5 27. Qd4+
Kg8 28. Qd5 Qf6 29. Bc5 Qxb2 30. Bd6 Rad8 31. Rae1 Rxe1 32. Rxe1 Rxd6 33. Qxd6
Nf3+ 34. Kf1 Nxe1 35. Kxe1 Qb1+ 36. Ke2 Qxa2+ 37. Kf3 g4+ 38. Kg2 Qa3 39. Qe5
Qf3+ 40. Kg1 b3 41. Qe8+ Kh7 42. Qb5 Qc3 43. Qh5 Qa1+ 44. Kg2 Qf6 45. Qc5 b2
46. Qc2+ Kg7 47. Kg1 a4 48. Qd3 a3 49. Qb3 Qe5 50. Kg2 Qe4+ 51. f3 Qxf3+ 52.
Qxf3 gxf3+ 53. Kxf3 a2 54. Kg3 b1=Q 55. Kf4 a1=Q 56. h3 Qf6+ 57. Ke3 Qe1+ 58.
Kd3 Qfc3# {Hossa checkmated} 0-1